| 000 | 00636 a2200181 4500 | ||
|---|---|---|---|
| 020 | _a354063262X | ||
| 020 | _a9783540632627 | ||
| 082 | 0 | 4 | _a523.88 |
| 090 |
_c778 _d778 |
||
| 100 | 1 | _aBisnovatyi-Kogan, G.S. | |
| 245 | 1 | 0 |
_aStellar physics 1 : _bfundamental concepts and stellar equilibrium / _cG.S. Bisnovatyi-Kogan, A.Y. Blinov, M. Romanova. |
| 260 |
_a[S.l.] : _bSpringer, _c2001. |
||
| 300 |
_a338 p. ; _c25 cm. |
||
| 700 | 1 | _aBlinov, A.Y. | |
| 700 | 1 | _aRomanova, M. | |
| 942 |
_aSNS _cBK _k523.88 BIS |
||
| 999 |
_c29404 _d29404 |
||